| 000 | 01208nam a2200325 a 4500 | ||
|---|---|---|---|
| 001 | 000109418 | ||
| 003 | CHAP | ||
| 005 | 20220329144050.0 | ||
| 008 | 140425s2013 mx a |sm |||||||spa|d | ||
| 010 | _a105880 | ||
| 011 | _a106852 | ||
| 040 | _cCHAP | ||
| 090 | _aTesis | ||
| 100 | 1 |
_aHernández Hernández, Marilyn Celeste _9126614 |
|
| 245 | 1 | 0 |
_aXyllela fastidiosa subs. Pauca, plaga potencial para la citricultura mexicana _h[En línea] _cpor Marilyn Celeste Hernández Hernández. |
| 260 |
_aChapingo, Méx. : _bEl autor, _c2013. |
||
| 500 | _aPara ver el contenido del material haga clic en la liga | ||
| 502 | _aTesis (Ing. Agr. Esp. en Parasitología Agrícola) -- UACH. Departamento de Parasitología Agrícola | ||
| 590 |
_aBATCH-UPD _b05 _c20141002 _lUCH01 _h0902 |
||
| 590 |
_aE792CSJ _b05 _c20140425 _lUCH01 _h1224 |
||
| 590 |
_aE792CSJ _b05 _c20140425 _lUCH01 _h1224 |
||
| 650 | 1 | 4 |
_aCítricos _xEnfermedades por bacterias. _924424 |
| 650 | 1 | 4 |
_aCítricos _xMéxico. _924454 |
| 650 | 1 | 4 |
_aCítricos _xPlagas. _924458 |
| 650 | 1 | 4 |
_aXylella fastidiosa. _9122918 |
| 856 |
_aFinding aid _uhttp://10.13.5.2/tesis/sist109418.pdf _zTeclea aquí |
||
| 901 | _aBK | ||
| 942 | _cTESIS | ||
| 942 | _n0 | ||
| 999 |
_c105880 _d105880 |
||